| 000 | 00706nam a2200229 a 4500 | ||
|---|---|---|---|
| 001 | 13755 | ||
| 003 | BD-JhCC | ||
| 005 | 20240321110439.0 | ||
| 008 | 240321b2019 bg a|||| ||a| 000 0 Ben d | ||
| 020 | _a9847012008003 | ||
| 035 | _a(BD-JhCC)13755 | ||
| 040 |
_aBD-JhCC _dBD-JhCC |
||
| 041 | _aBengali | ||
| 082 |
_a647 _bROS 2019 |
||
| 100 | _aরুশনী, রওশন আরা | ||
| 245 |
_aআহার বাহার ১ম - ২য় খণ্ড / _cরওশন আরা রুশনী। |
||
| 260 |
_aঢাকা: _bকথা প্রকাশ; _c2019. |
||
| 300 |
_a240 p. : _bill; _c26 cm |
||
| 650 |
_aNutrition _vStudy and teaching _xCooking |
||
| 942 |
_2ddc _cBK |
||
| 999 |
_c13755 _d13755 |
||